000 00466nam a2200181Ia 4500
005 20250423101326.0
008 250422s9999 xx 000 0 und d
020 _a9780324007510
050 _aHD 38.5 .C69/
100 _aCoyle John J.
245 4 _aThe management of business logistics: a supply chain perspective
260 _aCanada
260 _bSouth Western
260 _c2003
300 _a707 p
650 _a Business logistics.
942 _cBK
999 _c35974
_d35974